Sports Quiz

Random Sports Quiz

Veikkausliiga XIs: TamU Quiz Stats

 Plays Quiz not verified by Sporcle

Support Sporcle.
Go Orange.
Score 0/121 Timer 20:00
0 Plays Today
% Correct
Mikko Kaven
98.3%
Mikko Kaven
98.3%
Mikko Kaven
98.3%
Mikko Kaven
98.3%
Mikko Kaven
98.3%
Mikko Kaven
98.3%
Mikko Kaven
98.3%
Mikko Kaven
98.3%
Mikko Kaven
98.3%
Antti Pohja
95.8%
Antti Pohja
95.8%
Antti Pohja
95.8%
Antti Pohja
95.8%
Antti Pohja
95.8%
Jari Niemi
93.3%
Jari Niemi
93.3%
Jari Niemi
93.3%
Jari Niemi
93.3%
Jari Niemi
93.3%
Jari Niemi
93.3%
Jari Niemi
93.3%
Jari Niemi
93.3%
Jari Niemi
93.3%
Jonne Hjelm
89.9%
Jonne Hjelm
89.9%
Sakari Saarinen
89.1%
Sakari Saarinen
89.1%
Sakari Saarinen
89.1%
Sakari Saarinen
89.1%
Sakari Saarinen
89.1%
Sakari Saarinen
89.1%
Sakari Saarinen
89.1%
Mathias Lindström
86.6%
Mathias Lindström
86.6%
Mathias Lindström
86.6%
Jarkko Wiss
82.4%
Jarkko Wiss
82.4%
Jarkko Wiss
82.4%
Jarkko Wiss
82.4%
Mika Hilander
81.5%
Ville Lehtinen
79%
% Correct
Ville Lehtinen
79%
Ville Lehtinen
79%
Tomi Petrescu
79%
Tomi Petrescu
79%
Tomi Petrescu
79%
Juska Savolainen
77.3%
Juska Savolainen
77.3%
Vili Savolainen
77.3%
Vili Savolainen
77.3%
Antti Ojanperä
73.9%
Jussi Kujala
73.9%
Antti Ojanperä
73.9%
Jussi Kujala
73.9%
Antti Ojanperä
73.9%
Jussi Kujala
73.9%
Antti Ojanperä
73.9%
Jussi Kujala
73.9%
Antti Ojanperä
73.9%
Jussi Kujala
73.9%
Antti Ojanperä
73.9%
Antti Ojanperä
73.9%
Heikki Aho
73.1%
Heikki Aho
73.1%
Heikki Aho
73.1%
Heikki Aho
73.1%
Heikki Aho
73.1%
Jussi Kuoppala
70.6%
Jussi Kuoppala
70.6%
Jussi Kuoppala
70.6%
Jussi Kuoppala
70.6%
Jussi Kuoppala
70.6%
Jussi Kuoppala
70.6%
Jussi Kuoppala
70.6%
Henri Myntti
69.7%
Henri Myntti
69.7%
Aleksei Kangaskolkka
68.9%
Aleksei Kangaskolkka
68.9%
Henri Scheweleff
66.4%
Henri Scheweleff
66.4%
Henri Scheweleff
66.4%
Henri Scheweleff
66.4%
% Correct
Dionisio
65.5%
Noah Hickey
60.5%
Petri Heinänen
58%
Petri Heinänen
58%
Petri Heinänen
58%
Petri Heinänen
58%
Toni Hevonkorpi
57.1%
Toni Hevonkorpi
57.1%
Toni Järvinen
53.8%
Toni Järvinen
53.8%
Tommi Koivistoinen
52.9%
Kari Sainio
52.9%
Kari Sainio
52.9%
Kari Sainio
52.9%
Kari Sainio
52.9%
Kari Sainio
52.9%
Kari Sainio
52.9%
Tuomas Haapala
50.4%
Kristian Kojola
50.4%
Pasi Salmela
48.7%
Pasi Salmela
48.7%
Pasi Salmela
48.7%
Pasi Salmela
48.7%
Rafinha
47.1%
Rafinha
47.1%
Tero Koskela
46.2%
Tero Koskela
46.2%
Vasile Marchis
46.2%
Aristides Pertot
46.2%
Mikko Salo
42.9%
Mikko Salo
42.9%
Janne Räsänen
41.2%
Janne Räsänen
41.2%
Janne Räsänen
41.2%
Janne Räsänen
41.2%
Tommi Paavola
39.5%
Mika Nenonen
37%
Lee Jones
34.5%
Rodrigo
30.3%

You're not logged in!

Compare scores with friends on all Sporcle quizzes.
OR
Log In

From the Vault

Never Ending Letters: Big Four Sports Teams

by caramba

This quiz is going into extra innings.
Remove Ads.
Support Sporcle.
Get the best of Sporcle when you Go Orange. This ad-free experience offers more features, more stats, and more fun while also helping to support Sporcle. Thank you for becoming a member.

Show Comments

Extras

Created Oct 25, 2013SourceReportNominate
Tags:veikkausliiga

Top Quizzes Today


Score Distribution

Your Account Isn't Verified!

In order to create a playlist on Sporcle, you need to verify the email address you used during registration. Go to your Sporcle Settings to finish the process.

Report this User

Report this user for behavior that violates our Community Guidelines.

Details: